000 00734nam a2200241Ia 4500
003 OSt
005 20220926001517.0
006 a|||||r|||| 00| 0
007 ta
008 220923b |||||||| |||| 00| 0 eng d
037 _cGeneral Book
040 _aRTL
_cRTL
_beng
041 _2eng
_aeng
082 _aX93.2.N92<N91t, N2/GD
110 _aINDIA, COAL (Ministry of-)
_9304129
245 0 _aCommittee on public undertakings 1991-92
_b 7th report.
260 _a New Delhi
_bLok Sabha secretariat
_c1992
300 _aiii,191p.
_ccm.
500 _aAppendix :157-191p.
700 _aINDIA, COAL (Ministry of-)
_9304130
942 _hX93.2.N92<N91t, N2/GD
_cGB
_2CC
999 _c601750
_d601750